[Event "POL-chT 1st League 2020"]
[Site "Ustron"]
[Date "2020.09.13"]
[Round "9.16"]
[White "Boe, Mads"]
[Black "Flis, Jacek"]
[Result "1/2-1/2"]
[WhiteElo "2284"]
[BlackElo "2214"]
[Annotator "TA"]
[PlyCount "88"]
[EventDate "2020.09.05"]
[EventType "team-tourn"]
[EventCountry "POL"]
[SourceTitle "playchess.com"]
[Source "ChessBase"]
[SourceQuality "1"]

{[%evp 9,88,0,11,-2,14,9,20,11,1,8,61,64,53,54,61,48,100,97,112,99,102,96,111,73,119,113,115,86,113,110,141,110,144,114,123,132,258,143,281,102,120,0,143,86,87,89,107,83,174,116,107,89,170,32,33,46,44,41,41,48,64,0,0,-248,-275,-276,-229,-252,-241,-226,-165,-166,-174,-123,-41,-41,-41,-39,-22,-39,-17]} 1. d4 Nf6 2. Nf3 g6 3. Bg5 Bg7 4. e3 O-O 5. Bd3 c5 6. c3 {A48: 1 d4 Nf6 2 Nf3 g6: Torre, London and Colle Systems.} d6 7. O-O h6 8. Bh4 {The position is equal.} g5 9. Bg3 {[#]} Nbd7 $146 (9... Nh5 $11) ({Predecessor:} 9... Nh5 10. dxc5 Nxg3 11. hxg3 dxc5 12. Qc2 Qc7 13. Nbd2 Rd8 14. Rad1 Bg4 15. Bh7+ Kh8 {0-1 (69) Monda,L (2160)-Papp,G (2190) Hungary 1999}) 10. h3 b6 11. Nbd2 Bb7 12. Qe2 Nh7 (12... cxd4 $14 13. exd4 Re8) 13. e4 $16 Rc8 14. Rfd1 cxd4 15. cxd4 Re8 16. Bb5 Bc6 17. Ba6 Rc7 18. Nb1 Nhf8 19. Nc3 Ng6 20. Rac1 Nb8 21. Bd3 Qc8 22. Qe3 Rd8 (22... e5 $16 {might work better.}) 23. Be2 (23. d5 $18) 23... e6 (23... Nd7 $16 24. d5 Bb7) 24. Ne1 $2 (24. h4 $18 {has better winning chances.}) 24... Be8 25. Nf3 (25. a3 $16) 25... Qb7 (25... Bc6 $1 $11 {remains equal.}) 26. Nb5 ({Better is} 26. h4) 26... Bxb5 27. Bxb5 a6 {[#] And now ...Rxc1 would win.} 28. Bd3 b5 (28... Nc6 $16) 29. Rxc7 ({White should play} 29. e5 $18) 29... Qxc7 30. Rc1 Qb7 (30... Qd7 $16 {was worth a try.}) 31. Qd2 (31. e5 $18) 31... Nc6 $14 32. Bb1 e5 {[%cal Rc6d4]} 33. d5 Nd4 34. Nxd4 exd4 35. Rc6 ({White should try} 35. a3 $14) 35... Be5 $1 $11 36. Qc2 $2 (36. Bxe5 $11 {and White has nothing to worry.} Nxe5 37. Rc1) 36... Bxg3 $19 37. fxg3 Ne5 38. Rc7 Qb6 {[#] White must now prevent ...d3+.} 39. Re7 Kf8 40. Qc7 Qxc7 41. Rxc7 Rb8 (41... Nc4 $17 42. Kf2 Nxb2) 42. Kf2 $15 a5 43. Ke2 Kg7 44. Rc1 b4 {What a bad dream for Black. Accuracy: White = 60%, Black = 53%.} 1/2-1/2

[Event "POL-chT 1st League 2020"]
[Site "Ustron"]
[Date "2020.09.13"]
[Round "9.17"]
[White "Kaliszuk, Kamil"]
[Black "Tymrakiewicz, Rafal"]
[Result "1/2-1/2"]
[WhiteElo "1962"]
[BlackElo "2245"]
[Annotator "TA"]
[PlyCount "50"]
[EventDate "2020.09.05"]
[EventType "team-tourn"]
[EventCountry "POL"]
[SourceTitle "playchess.com"]
[Source "ChessBase"]
[SourceQuality "1"]

{[%evp 24,50,27,27,27,21,25,31,33,20,34,18,21,-2,29,32,39,22,24,19,60,16,6,10,11,13,36,57,55]} 1. e4 c6 2. d4 d5 3. exd5 cxd5 4. Bd3 Nc6 5. c3 Nf6 6. Bf4 Bg4 7. Qb3 Qd7 8. Nd2 e6 9. Ngf3 Bxf3 10. Nxf3 Bd6 11. Bxd6 Qxd6 12. O-O O-O 13. Rfe1 Nd7 {B13: Caro-Kann: Exchange Variation and Panov-Botvinnik Attack.} 14. Qc2 g6 {[#]} 15. Rad1 $146 ({Predecessor:} 15. Re3 Rac8 16. Rae1 Rfe8 17. Qe2 Nf8 18. Kh1 Re7 19. Kg1 Rce8 20. Bb5 f6 21. Ba4 {0-1 (47) Ohnmacht,S (1855)-Roth,A (1970) Wasselonne 2009}) 15... Rab8 16. Qe2 Kg7 17. g3 Rfe8 18. Ne5 a6 19. f4 b5 20. h4 f6 21. Nxd7 Qxd7 22. Qg4 f5 23. Qe2 h5 24. Ra1 Na5 25. b4 Nc4 {Accuracy: White = 91%, Black = 92%.} 1/2-1/2

[Event "POL-chT 1st League 2020"]
[Site "Ustron"]
[Date "2020.09.13"]
[Round "9.18"]
[White "Kubicka, Anna"]
[Black "Lach, Aleksandra"]
[Result "1/2-1/2"]
[WhiteElo "2264"]
[BlackElo "2188"]
[Annotator "TA"]
[PlyCount "84"]
[EventDate "2020.09.05"]
[EventType "team-tourn"]
[EventCountry "POL"]
[SourceTitle "playchess.com"]
[Source "ChessBase"]
[SourceQuality "1"]

{[%evp 10,84,33,29,35,14,25,9,12,0,41,35,44,20,55,42,70,50,60,50,53,64,57,38,72,65,70,65,70,69,74,52,64,37,50,19,27,0,0,0,0,-8,-6,-3,0,-20,11,17,50,42,43,33,25,28,46,29,37,46,41,30,20,35,53,28,25,11,47,46,41,0,52,18,53,0,0,0,6]} 1. e4 g6 2. d4 Bg7 3. Nc3 c6 4. Bc4 d6 5. a4 Nf6 6. Nf3 O-O {B08: Pirc Defence: Classical System.} 7. Ba2 (7. Bb3 {seems wilder.} Qc7 8. O-O e5 9. Be3 exd4 10. Nxd4 Na6 11. f3) 7... Bg4 8. h3 Bxf3 $1 9. Qxf3 {[#]} e6 $146 ({Predecessor:} 9... Na6 10. O-O Nb4 11. Bb3 a5 12. Re1 d5 13. e5 Ne8 14. Qe2 Nc7 15. Nd1 f6 {1-0 (39) Savchenko,B (2585)-Jary,S (2297) Sochi 2017}) 10. O-O Nbd7 11. Bf4 Ne8 12. Ne2 Kh8 13. c3 e5 14. dxe5 dxe5 15. Be3 Qe7 16. Ng3 b6 17. Rfd1 Nc5 18. a5 bxa5 19. Qe2 Nb7 20. Qc4 {[%mdl 1024] White has strong compensation.} Qc7 21. f3 Ned6 22. Qa4 Nc8 23. Rd2 Nb6 24. Qc2 Rad8 25. Rad1 Rxd2 26. Rxd2 c5 27. Bd5 Nd6 28. c4 f5 29. Bf2 a4 30. Rd1 Qc8 31. Qc1 f4 32. Nf1 Rd8 33. Bh4 Re8 34. Qc3 h6 35. Bf2 Qc7 36. Rc1 Rb8 37. Qa3 Nd7 38. Qxa4 Rxb2 39. Ra1 Nc8 (39... Nb6 $11 40. Qxa7 Qxa7 41. Rxa7 Ndxc4) 40. Be6 Rb7 41. Bxd7 (41. Nd2 $14) 41... Qxd7 $11 42. Bxc5 Qxa4 {Accuracy: White = 78%, Black = 75%.} 1/2-1/2

[Event "POL-chT 1st League 2020"]
[Site "Ustron"]
[Date "2020.09.13"]
[Round "9.19"]
[White "Szwed, Jacek"]
[Black "Kowalski, Igor"]
[Result "1-0"]
[WhiteElo "2380"]
[BlackElo "2397"]
[Annotator "TA"]
[PlyCount "63"]
[EventDate "2020.09.05"]
[EventType "team-tourn"]
[EventCountry "POL"]
[SourceTitle "playchess.com"]
[Source "ChessBase"]
[SourceQuality "1"]

{[%evp 12,63,25,31,116,107,112,122,147,147,146,151,170,147,244,219,291,171,191,127,132,133,132,82,78,64,85,66,66,37,96,50,67,36,93,85,150,127,174,150,211,216,252,248,256,258,226,245,229,208,458,455,1020,1016]} 1. e4 e6 2. d4 d5 3. exd5 exd5 4. Bd3 Bd6 5. Qf3 Nc6 6. c3 Nge7 7. Ne2 {7.Bf4 is vanishing.} Ng6 {C01: French: Exchange Variation.} (7... Be6 $14) 8. Qxd5 $16 {[#]} O-O $146 {Threatening ...Nb4.} ({Predecessor:} 8... Nce7 9. Qh5 O-O 10. O-O c6 11. Nd2 Nd5 12. Nc4 Nf6 13. Qg5 h6 14. Qd2 Bxh2+ 15. Kh1 Ne4 16. Bxe4 Qh4 17. g3 Bxg3+ 18. Kg2 Qh2+ 19. Kf3 Bf4 {0-1 (19) Weglarz,J (2037)-Swiech,P (1961) Rewal 2010}) 9. Qh5 f5 {White is better.} 10. O-O f4 11. Nd2 Nce7 12. Nf3 {Black must now prevent Ng5.} Kh8 (12... c6 $16 {might work better.} 13. g3 b5) 13. Nh4 $18 Rf6 {[#]} 14. Nxg6+ (14. Nxf4 $142 $1 {[%mdl 512]} Bxf4 15. Bxf4) 14... Nxg6 15. g3 (15. Re1 $18) 15... Qg8 $16 16. f3 Bd7 17. g4 Be8 18. Qh3 Rd8 19. Bd2 c5 20. Be4 b5 (20... Bc6 $14) 21. b3 a5 22. Rad1 a4 (22... cxd4 $1 $14 23. cxd4 (23. Nxd4 Bc5 $16) 23... b4) 23. d5 $36 {[%mdl 2048] Black is under strong pressure.} Ra8 (23... axb3 $142 24. axb3 c4) 24. c4 b4 25. Bc1 Be5 (25... Ra7 $16 26. Bb2 Be5) 26. Qh5 $18 axb3 27. axb3 Ra2 28. Rd2 ({Less strong is} 28. Bxg6 Rxe2 29. Bxh7 (29. Bxe8 Rh6 $11) 29... Bxh5 $11) 28... Rxd2 29. Bxd2 {Threatens to win with Bxg6.} Bb2 30. Rb1 Ba3 $2 {[#]} (30... Be5 31. Re1 Bb8) 31. Nc1 Nf8 (31... Bxc1 $142 32. Bxc1 Ra6) 32. Qxe8 {Accuracy: White = 69%, Black = 46%.} 1-0

[Event "POL-chT 1st League 2020"]
[Site "Ustron"]
[Date "2020.09.13"]
[Round "9.20"]
[White "Chylewski, Patryk"]
[Black "Zylka, Stanislaw"]
[Result "1-0"]
[WhiteElo "2324"]
[BlackElo "2377"]
[Annotator "TA"]
[PlyCount "91"]
[EventDate "2020.09.05"]
[EventType "team-tourn"]
[EventCountry "POL"]
[SourceTitle "playchess.com"]
[Source "ChessBase"]
[SourceQuality "1"]

{[%evp 20,91,64,85,93,100,92,49,59,43,55,46,36,33,29,51,35,32,58,17,25,0,0,0,0,0,22,21,21,4,4,0,7,0,8,0,0,0,0,0,22,0,0,0,0,0,0,0,0,0,0,0,0,0,0,0,47,25,203,186,845,827,845,845,845,837,814,806,712,723,712,702,675,674]} 1. d4 Nf6 2. c4 g6 3. Nc3 Bg7 4. e4 d6 5. Nf3 O-O 6. Be2 e5 7. O-O Na6 8. dxe5 dxe5 9. Be3 Qe8 10. h3 Nh5 11. c5 Nf4 {E94: King's Indian: Classical: 6 Be2 e5 7 0-0: Various Black 7th moves.} 12. Bxa6 bxa6 13. Bxf4 exf4 {[#] White is slightly better.} 14. Qd2 $146 ({Predecessor:} 14. Nd5 Rb8 15. Nxc7 Qxe4 16. Qd6 Bb7 17. Rfe1 Qf5 18. Rad1 Bxf3 19. gxf3 Qg5+ 20. Kh2 Rxb2 {0-1 (32) Van Elst,A (2303)-Georgiev,K (2504) France 2006}) 14... Rb8 15. Qxf4 Rxb2 16. Nd5 c6 17. Nf6+ Bxf6 $1 18. Qxf6 Rc2 19. e5 Be6 20. Rfc1 Rxc1+ 21. Rxc1 Qd8 22. Kh2 Qxf6 23. exf6 $11 {[%mdl 4096] Endgame KRB-KRN} Rb8 24. Nd4 Bd5 $1 25. Re1 h6 26. Kg3 Rb2 27. a3 Ra2 28. Re3 a5 29. h4 Ra1 30. h5 Kh7 31. Kf4 {With the idea hxg6+.} Rc1 32. hxg6+ Kxg6 33. Ke5 {Strongly threatening Rg3+.} Rxc5 34. Rg3+ Kh7 35. Kd6 Rc4 36. Nf5 {Rg7+ is the strong threat.} Re4 37. Ng7 h5 38. Nxh5 Kh6 $2 {This costs Black the game.} (38... Re6+ $11 39. Kc5 Kh6) 39. Ng7 $18 Rf4 $2 {[#]} (39... Kh7) 40. f3 $1 {White is clearly winning.} Rxf6+ 41. Ke5 Rg6 42. Nf5+ Kh7 43. Rh3+ Kg8 44. Ne7+ {[%mdl 64] [#] Double Attack} Kg7 45. Nxg6 fxg6 46. Rh4 {Accuracy: White = 89%, Black = 75%.} 1-0

[Event "POL-chT 1st League 2020"]
[Site "Ustron"]
[Date "2020.09.13"]
[Round "9.21"]
[White "Koziol, Kamil"]
[Black "Sanz Wawer, Daniel"]
[Result "1/2-1/2"]
[WhiteElo "2296"]
[BlackElo "2325"]
[Annotator "TA"]
[PlyCount "40"]
[EventDate "2020.09.05"]
[EventType "team-tourn"]
[EventCountry "POL"]
[SourceTitle "playchess.com"]
[Source "ChessBase"]
[SourceQuality "1"]

{[%evp 17,19,32,43,42]} 1. e4 c6 2. d4 d5 3. exd5 cxd5 4. Bd3 Nc6 5. c3 Nf6 6. Bf4 Bg4 7. Qb3 Qc8 8. Nd2 e6 9. Ngf3 Be7 10. O-O {[#] B13: Caro-Kann: Exchange Variation and Panov-Botvinnik Attack.} {Predecessor:} Bh5 $146 11. Rae1 Bg6 12. Bxg6 hxg6 13. h4 Nh5 14. Bh2 Nf6 15. Bf4 Nh5 16. Bg5 f6 17. Be3 Qc7 18. c4 Rd8 19. cxd5 exd5 20. Nb1 Qd7 {½-½ (43) Ding,L (2791)-Carlsen,M (2863) chess24.com INT 2020} 1/2-1/2

[Event "POL-chT 1st League 2020"]
[Site "Ustron"]
[Date "2020.09.13"]
[Round "9.22"]
[White "Kokoszczynski, Jan"]
[Black "Nowak, Mikolaj"]
[Result "1/2-1/2"]
[WhiteElo "2231"]
[BlackElo "2279"]
[Annotator "TA"]
[PlyCount "121"]
[EventDate "2020.09.05"]
[EventType "team-tourn"]
[EventCountry "POL"]
[SourceTitle "playchess.com"]
[Source "ChessBase"]
[SourceQuality "1"]

{[%evp 21,121,-46,-39,-44,-43,-39,-35,-60,-64,-57,-39,-81,-77,-100,-93,-90,-94,-110,-93,-139,-42,-45,-39,-56,-60,-58,-48,-53,-64,-70,-44,-47,-48,-53,-32,-43,0,-43,-53,-64,-65,-72,-75,-71,0,-64,-30,-37,-29,-15,-23,-72,-28,-141,-141,-141,-148,-112,-43,-134,110,106,168,177,164,180,168,179,249,257,485,477,732,333,304,295,231,148,152,154,158,156,168,0,0,0,0,0,0,0,0,0,0,0,0,0,0,0,0,0,0,0]} 1. e4 c5 2. Nf3 e6 3. d3 Nc6 4. g3 d5 5. Nbd2 Nf6 6. Bg2 Be7 7. O-O O-O 8. Re1 Qc7 9. e5 Nd7 10. Qe2 b5 11. Nf1 a5 {[%cal Ba7a5,Ba5a4,Ba4a3][%mdl 32] 11...Bb7 is more advanced technology.} 12. Bf4 {C00: French: Unusual White 2nd moves.} Bb7 13. h4 Rfc8 14. N1h2 {Black is slightly better.} a4 {[#]} 15. Ng4 $146 ({Predecessor:} 15. a3 b4 16. Ng5 Nd4 17. Qh5 Bxg5 18. hxg5 Nxc2 19. Ng4 Qd8 20. Nf6+ gxf6 21. gxf6 Nxf6 {1-0 (39) Maze,S (2547)-Mareco,S (2634) chess24.com INT 2019}) 15... Bf8 16. h5 h6 17. Rac1 a3 18. b3 b4 19. Qd2 {[%cal Rf4h6]} Qd8 20. Ne3 Nd4 (20... Na7 $17 21. Nd1 Qb6) 21. Nxd4 $1 $15 cxd4 22. Ng4 Rc3 23. Nh2 Rac8 24. Nf3 Qb6 25. Re2 Ba6 26. Qd1 Qc7 {Hoping for ...Bxd3!} 27. Rd2 Qc5 28. Qe2 Rc6 29. Bh3 Qb6 30. Kg2 Nc5 31. Rdd1 Ne4 32. Ne1 Ng5 (32... R3c5 $17 {Threatens to win with ...Nc3.} 33. Qg4 Nc3 34. Bxh6 Kh7) 33. Bg4 (33. Bd2 $11) 33... f5 34. exf6 gxf6 35. Bd2 R3c5 36. f4 {[#]} Ne4 $1 {[%mdl 576] Pin} 37. Qf3 (37. Bh3 $11 {remains equal.}) (37. dxe4 Bxe2) 37... f5 38. Bh3 Rc7 39. Kh2 Nf6 (39... Bd6 $17 40. g4 Rg7) 40. Qe2 ({White should try} 40. g4 $1 $15) 40... Rg7 $2 {[#]} (40... Bc8 $17 {keeps the pressure on.} 41. Qe5 Bg7) 41. Bxb4 $1 $16 {[%mdl 576] Double Attack} Rc8 (41... Ne4 $16 {is a better defense.} 42. Bxc5 Bxc5) (41... Qxb4 42. Qxe6+) 42. Bxf8 $18 Rxf8 43. Nf3 $1 Nxh5 44. Qe5 Rxg3 (44... Nf6 $142 45. Nxd4 (45. Qxd4 Qc7 $16) 45... Bc8) 45. Rg1 Rxg1 $2 (45... Rg7 46. Nxd4 Rff7) 46. Rxg1+ Kh7 {[#]} (46... Kf7 $142 47. Bxf5 (47. Nxd4 Bc8 $16) 47... exf5 48. Qxd5+ Qe6 49. Ne5+ (49. Qxd4 Qe2+ {[%mdl 64] Double Attack} 50. Rg2 Qxf3 $11) 49... Ke7 50. Ng6+ Kf7 51. Qxe6+ (51. Qxd4 Qe2+ 52. Rg2 Qxg2+ 53. Kxg2 Kxg6 $16) 51... Kxe6) 47. Nxd4 (47. Ng5+ $142 $1 {[%mdl 512]} hxg5 48. Rxg5) 47... Rg8 48. Rxg8 ({Less strong is} 48. Qxe6 Qxe6 49. Nxe6 Rxg1 $16) 48... Kxg8 49. c4 {Black must now prevent c5.} ({Weaker is} 49. Nxe6 Qf2+ 50. Bg2 Bb5 $14) 49... dxc4 50. dxc4 {c5 is the strong threat.} Bc8 51. Bg2 Qd8 {[#] Black wants to play ...Qh4+.} 52. Nxe6 $2 (52. Kh3 $1 $18) 52... Qh4+ $11 {The position is equal.} 53. Kg1 {And now Bd5 would win.} Bxe6 $1 54. Qxe6+ {[%mdl 64] Double Attack} Kg7 55. Qe5+ Kg6 $1 56. Qe8+ Kg7 57. Qd7+ Kg6 58. Qe6+ Kg7 59. Qe5+ Kg6 60. Qe8+ Kg7 61. Qe5+ {Black defended with fortune. Accuracy: White = 68%, Black = 69%.} 1/2-1/2

[Event "POL-chT 1st League 2020"]
[Site "Ustron"]
[Date "2020.09.13"]
[Round "9.23"]
[White "Tomaszewski, Kacper"]
[Black "Praczukowski, Stanislaw"]
[Result "1/2-1/2"]
[WhiteElo "2341"]
[BlackElo "2173"]
[Annotator "TA"]
[PlyCount "133"]
[EventDate "2020.09.05"]
[EventType "team-tourn"]
[EventCountry "POL"]
[SourceTitle "playchess.com"]
[Source "ChessBase"]
[SourceQuality "1"]

{[%evp 9,133,10,0,6,10,2,-2,-21,0,-8,0,-18,-19,-12,-16,-39,-39,-38,-36,-39,-35,-30,-26,-56,-33,-48,-47,-53,-47,-66,-60,-137,-119,-111,-113,-118,-51,-52,-52,-50,-7,-16,-4,-46,-35,-82,-70,-71,-27,-57,0,0,0,0,0,0,0,0,0,0,0,0,0,0,0,0,0,0,0,0,0,0,0,-325,-303,-299,-310,-317,-307,-299,-297,-276,-264,-220,-189,-414,-397,-480,-480,-696,-698,-880,-821,-841,-841,-780,-766,-750,-686,-719,-665,-4598,-4132,-1666,-1692,-983,0,0,0,0,0,0,0,0,0,0,0,0,0,0,0,0,-2,-339,0,0]} 1. d4 Nf6 2. c4 e6 3. Nc3 Bb4 4. Bf4 Bxc3+ 5. bxc3 b6 6. Nf3 {E20: Nimzo-Indian: 4 g3 and 4 f3.} Bb7 7. e3 d6 8. Be2 {[#]} h6 $146 ({Predecessor:} 8... Nbd7 9. O-O Nh5 10. Bg5 f6 11. Bh4 O-O 12. Nd2 g5 13. Bxh5 gxh4 14. Qg4+ Kh8 15. Qxh4 {1-0 (59) Pobor,D (1390)-Sabotic,D Cetinje 2016}) 9. O-O Nh5 10. Bg3 Nxg3 11. fxg3 Nd7 12. Nd2 Qg5 13. Kf2 $1 O-O 14. Bf3 Bxf3 15. gxf3 e5 16. Qb3 Rfe8 17. Rae1 Re7 18. Ne4 Qg6 19. Re2 Rae8 20. g4 (20. Kg1 $15) 20... Nf6 21. Nxf6+ Qxf6 22. Kg3 {[#]} Qg6 (22... h5 $1 $17 {[%mdl 512] White must now prevent ...exd4.} 23. h3 (23. gxh5 exd4) 23... g6) 23. e4 $15 Qf6 24. Qd1 exd4 25. cxd4 c5 26. Rd2 h5 27. h3 h4+ 28. Kg2 Qf4 29. Qe1 Rc7 (29... cxd4 $15 30. Rxd4 g5) 30. d5 $11 Rce7 31. Re2 g5 32. Qc1 Kg7 33. Qxf4 gxf4 {[%mdl 4096] Endgame KRR-KRR} 34. Rb2 Kf6 35. Kf2 Ke5 36. Rd1 Rb7 37. a4 Reb8 38. Ke2 a6 {[%cal Ba7a6,Ba6b5,Bb5b4][%mdl 32]} 39. Kd3 b5 $1 {[%cal Rb5c4]} 40. cxb5 axb5 41. a5 $2 {[%mdl 8192]} (41. Rdb1 $11 b4 42. Kc4) 41... c4+ $1 $19 42. Kc3 {[#]} b4+ $1 43. Kxc4 Rc7+ 44. Kd3 Rc3+ 45. Ke2 Re3+ 46. Kf2 Ra3 47. Rdb1 $2 {[#]} (47. Rc1) 47... Rc8 $1 48. Rb3 {Strongly threatening Rxa3.} Rc2+ 49. Kg1 (49. Kf1 $142 Rxa5 50. Rxb4) 49... Rxa5 50. Rxb4 Raa2 51. Rb8 Rg2+ 52. Kh1 Rh2+ 53. Kg1 Rag2+ 54. Kf1 Rd2 {[%cal Rh2h1]} 55. Re8+ Kd4 {[%cal Rh2h1]} 56. Kg1 Rxh3 57. e5 Rdh2 $2 (57... Rg3+ $19 58. Kh1 Rxf3) 58. Rd1+ $11 Kc3 (58... Kc4 $5 59. Rc8+ $8 Kb3 60. Rb1+ Ka2 $11) 59. Rc8+ {[#]} Kb2 $1 {[%mdl 512] ( -> ...Rh1+)} 60. Rf1 $1 Rh1+ 61. Kf2 {Hoping for Rxh1.} Rxf1+ {[%mdl 64] Overworked Piece} 62. Kxf1 Rxf3+ {KR-KR} 63. Kg2 $1 {[%cal Rg2f3]} Rg3+ {[%mdl 64] Double Attack} 64. Kf2 dxe5 {...e4 is the strong threat.} 65. d6 $1 {[%cal Rd6d7]} Rd3 66. Re8 $2 {[%mdl 8192]} (66. Rd8 $1 $11 {and White is okay.} Kc2 67. d7) 66... Rxd6 $2 ({Better is} 66... f6 $19 67. Re6 h3 68. Rxf6 Rd1) 67. Rxe5 {White happily takes the draw. Accuracy: White = 70%, Black = 88%.} 1/2-1/2

[Event "POL-chT 1st League 2020"]
[Site "Ustron"]
[Date "2020.09.13"]
[Round "9.24"]
[White "Moscicka, Pola"]
[Black "Kucharska, Honorata"]
[Result "1/2-1/2"]
[WhiteElo "1880"]
[BlackElo "2237"]
[Annotator "TA"]
[PlyCount "91"]
[EventDate "2020.09.05"]
[EventType "team-tourn"]
[EventCountry "POL"]
[SourceTitle "playchess.com"]
[Source "ChessBase"]
[SourceQuality "1"]

{[%evp 15,91,10,17,12,22,19,22,0,0,0,4,0,0,0,19,5,23,10,18,10,20,12,0,0,35,22,27,21,17,0,6,3,30,-11,0,-13,0,0,0,-18,-10,-17,-12,-8,0,0,0,0,0,0,0,-2,0,-1,0,-5,0,0,0,0,0,0,160,2,9,0,0,6,15,0,0,0,0,0,0,0,0,0]} 1. d4 d5 2. c4 e6 3. Nc3 Nf6 4. cxd5 exd5 5. Bg5 Be7 6. e3 c6 7. Bd3 Nbd7 8. Nge2 h6 {8...Nf8 is the modern continuation.} 9. Bh4 {D35: Queen's Gambit Declined: Exchange Variation.} Nh5 10. Bxe7 Qxe7 11. g4 Nhf6 12. Ng3 Nb6 13. Nf5 Bxf5 14. gxf5 {[#]} O-O-O $146 ({Predecessor:} 14... Nc8 15. Rg1 Nd6 16. Rxg7 O-O-O 17. Qc2 Rhg8 18. Rg3 h5 19. O-O-O h4 20. Rgg1 Kb8 {½-½ (46) Kozak,A (2380)-Hrbek,S (2126) Prague 2020}) 15. Qe2 Kb8 16. Rg1 Rhg8 17. O-O-O c5 18. dxc5 Qxc5 19. Kb1 Qb4 20. Nb5 a6 21. Nd4 Rc8 22. Rc1 Nc4 23. Ka1 Ne5 24. f3 Nfd7 25. Nb3 Nc5 26. Nxc5 Rxc5 27. Rxc5 Qxc5 28. Kb1 Rc8 29. Rd1 Nc4 30. Bxc4 dxc4 $11 {[%mdl 4096] Endgame KQR-KQR} 31. e4 c3 {( -> ...c2+)} 32. Rc1 Qb6 33. Qc2 Rc6 {And now ...cxb2 would win.} 34. h4 f6 35. h5 cxb2 36. Qh2+ Ka8 {[%csl Gc6][%cal Rb2c1]} 37. Rxc6 bxc6 {KQ-KQ} 38. Qd6 Qb7 $2 {[#]} ({Better is} 38... Qg1+ $1 $11 39. Kxb2 Qg2+ 40. Kb1 Qh1+ 41. Kc2 Qg2+ 42. Kb1 Qf1+ 43. Kc2 Qg2+ 44. Kb1) 39. f4 $2 (39. a4 $1 $16) 39... Qb5 {The position is equal.} 40. Qf8+ Ka7 41. Qxg7+ Kb6 42. Qxf6 Qd3+ 43. Kxb2 Qd2+ 44. Kb3 {Hoping for Qb2.} Qd1+ {[%mdl 64] [#] Double Attack} 45. Kb2 {Strongly threatening Qc3.} Qd2+ 46. Kb3 {Accuracy: White = 89%, Black = 88%.} 1/2-1/2

[Event "POL-chT 1st League 2020"]
[Site "Ustron"]
[Date "2020.09.13"]
[Round "9.25"]
[White "Cukrowski, Filip"]
[Black "Szpar, Milosz"]
[Result "0-1"]
[WhiteElo "2406"]
[BlackElo "2397"]
[Annotator "TA"]
[PlyCount "80"]
[EventDate "2020.09.05"]
[EventType "team-tourn"]
[EventCountry "POL"]
[SourceTitle "playchess.com"]
[Source "ChessBase"]
[SourceQuality "1"]

{[%evp 11,80,0,0,-9,-12,-15,0,-2,-16,-20,-12,-4,-9,-39,0,0,0,0,0,-72,-59,-96,-80,-56,-23,-22,-16,-27,-34,-17,-22,-68,-60,-108,-111,-110,-112,-97,-102,-109,-97,-91,-74,-68,-38,-111,-111,-172,-162,-247,-240,-280,-268,-272,-280,-289,-293,-344,-364,-436,-430,-400,-335,-405,-434,-1414,-1402,-1255,-1145,-583,-378]} 1. e4 c5 2. Nf3 d6 3. c3 Nf6 4. Be2 g6 5. O-O Bg7 6. Bb5+ Nc6 7. d4 {B50: Sicilian: 2...d6, Miscellaneous.} O-O 8. d5 a6 9. Bd3 {The position is equal.} Na5 {[#]} 10. a4 $146 ({Predecessor:} 10. Re1 b5 11. Nbd2 e6 12. dxe6 Bxe6 13. h3 Re8 14. Ng5 Bd7 15. Nf1 Bc6 16. Ng3 {0-1 (41) Shachar,E (2363)-Santos Ruiz,M (2591) Caleta 2020}) 10... e6 11. c4 exd5 12. cxd5 Qb6 13. Na3 Bg4 14. Rb1 Rfe8 15. b4 (15. Be3 $11 Qd8 16. h3 Bxf3 17. Qxf3) 15... cxb4 $17 16. Be3 Qc7 17. Rxb4 Bxf3 18. gxf3 Qc3 19. Nc2 Nd7 20. Rb1 Rac8 21. Nb4 Nc5 22. Bd2 Qa3 23. Bc2 Nc4 24. Bc1 Nb2 25. Bxb2 Bxb2 26. Nd3 Nxd3 27. Bxd3 Rc3 28. Qe2 (28. Qd2 $15) 28... Bc1 $1 29. Rd1 (29. Bc2 $17 Bf4 30. Bd1) 29... Re7 $19 30. Bc2 (30. h4 $142) 30... Bf4 31. Rd3 {[#]} Re5 $1 32. h4 {[#]} Rh5 $1 33. Rxc3 Qxc3 34. Kg2 Rxh4 {( -> ...Qc8)} 35. Rh1 Rxh1 36. Kxh1 {[#]} b5 $1 {[%mdl 512]} 37. axb5 axb5 {[%cal Ba6b5,Bb5b4][%mdl 32]} 38. Qd3 (38. Kg2 $142 b4 39. Qd1) 38... Qxd3 39. Bxd3 b4 40. Bc4 Kg7 {Accuracy: White = 50%, Black = 90%.} 0-1

[Event "POL-chT 1st League 2020"]
[Site "Ustron"]
[Date "2020.09.13"]
[Round "9.27"]
[White "Licznerski, Lukasz"]
[Black "Kozak, Antoni"]
[Result "1/2-1/2"]
[WhiteElo "2377"]
[BlackElo "2347"]
[Annotator "TA"]
[PlyCount "16"]
[EventDate "2020.09.05"]
[EventType "team-tourn"]
[EventCountry "POL"]
[SourceTitle "playchess.com"]
[Source "ChessBase"]
[SourceQuality "1"]

{[%evp 9,16,-8,-8,-4,0,-12,0,-10,0]} 1. d4 Nf6 2. c4 e6 3. Nf3 b6 4. e3 Bb7 5. Be2 d5 {The position is equal.} 6. O-O {E14: Queen's Indian: Classical Variation (4 e3).} Bd6 7. Nc3 a6 {[#]} 8. Qc2 $146 ({Predecessor:} 8. b3 O-O 9. Qc2 Nbd7 10. Bb2 Qe7 11. cxd5 exd5 12. Nh4 g6 13. g3 Ne4 14. f3 Nxc3 15. Qxc3 {½-½ (61) Oglaza,O (2279)-Badelka,O (2397) Lvov 2018}) 8... Nbd7 {A rather calm draw.} 1/2-1/2